000 00764nam a2200217 i 4500
001 89598
003 ES-MaACL
005 20230906180229.0
007 t|
008 050111s1947 mx ||||1| spa d
100 1 _aLasser, J. K.
_970466
245 1 0 _aMétodos de Contabilidad Industrial /
_cbajo la dirección de J.K. Lasser ; traducción al castellano por Marín Civera ; revisión de la traducción por Santiago Alonso.
260 _aMéxico :
_bUnión Tipográfica Editorial Hispano-Americana,
_c[1947]
300 _a2 t. ;
_c23 cm.
490 1 _aBiblioteca uteha
700 1 _aCivera, Marín.
_938957
700 1 _aAlonso, Santiago.
_920243
830 0 _aBiblioteca uteha
_9231899
852 _aES-MaACL
_jC-14930-1
_bR.43013
999 _c89598
_d89598